[Event "Barcelona La Lira op"]
[Site "Barcelona"]
[Date "1995.??.??"]
[Round "8"]
[White "Lainez Martinez, Angel"]
[Black "Corominas Garrido, Jordi"]
[Result "1-0"]
[WhiteElo "2030"]
[BlackElo "2045"]
[PlyCount "63"]
[EventDate "1995.04.??"]
[EventType "swiss"]
[EventRounds "9"]
[EventCountry "ESP"]
[SourceTitle "EXT 2003"]
[Source "ChessBase"]
[SourceDate "2002.11.25"]
[SourceVersion "1"]
[SourceVersionDate "2002.11.25"]
[SourceQuality "1"]

1. e4 d6 2. d4 Nf6 3. Bd3 g6 4. f3 Bg7 5. Ne2 c5 6. c3 Qb6 7. Na3 cxd4 8. Nc4 Qc7 9. cxd4 b5 10. Ne3 a6 11. Bd2 Nbd7 12. Rc1 Qb6 13. g4 Bb7 14. b4 0-0 15. h4 h5 16. gxh5 Nxh5 17. Ng4 Bxd4 18. Nxd4 Qxd4 19. Bc3 Qb6 20. Qd2 Ne5 21. Nxe5 dxe5 22. Bxe5 Qe6 23. Ba1 Kh7 24. Rc5 f6 25. Rg1 Rad8 26. Rxh5+ gxh5 27. e5+ Rxd3 28. Qxd3+ f5 29. Rg5 Kh6 30. Qd2 f4 31. Qg2 Rf6 32. Rxh5+ 1-0